00521nam a2200193 a 4500001001300000003000900013005001700022008004100039020002300080082002200103100002200125245003900147260003700186300000900223500003500232505001000267650002800277700002200305nice12345678IN_TiNIC20260116014145.0050524s2002 dela grp 000 0 eng  a8170993 c49500a306.0899145bSEN1 aSengupta, Sarthak aTribal Studies in North East India aDelhibMittal Publication c2002 a240p aincludes index and biblioraphy2 aIndex aTribes-India-North East1 aSengupta, Sarthak